| 000 | 02101nam a22002297a 4500 | ||
|---|---|---|---|
| 001 | 216222734 | ||
| 003 | UA-OsUOA | ||
| 005 | 20220825141248.0 | ||
| 008 | 220825b un ||||f |||| 00| 0 ukr d | ||
| 040 |
_aUA-OsUOA _bukr _cUA-OsUOA _dUA-OsUOA |
||
| 041 | _aukr | ||
| 080 | _a82 | ||
| 090 |
_a82 _bГ61 |
||
| 100 | _aГоловачук А. В. | ||
| 245 |
_aХудожня структура та мотиви авторських казок Оскара Уайльда та Отфріда Пройслера _cГоловачук А. В. |
||
| 260 |
_aОстрог _bКАФ _c2017 |
||
| 300 | _a72 с. | ||
| 520 | _aВступ. Розділ І. Жанр казки в літературознавчих дослідженнях. 1.1. Провідні напрями досліджень казки у європейській та вітчизняній фольклористиці 1.2. Стильові особливості і різновиди народної казки 1.3. Жанрово-структурні особливості літературної казки Розділ ІІ. Твори О. Уайльда та О. Пройслера у західно-європейському дискурсі казки. 2.1. О. Уайльд: казки як втілення парадоксальних естетичних ідей 2.2. О. Пройслер: відображення авторського світогляду в казках Розділ ІІІ. Структурні і сюжетоутворюючі мотиви казок О. Уайльда та О. Пройслера. 3.1. Аналіз казок зі збірки О. Уайльда "Гранатовий будиночок" 3.2. Аналіз казок О. Пройслера "Маленька Баба-яга", "Маленький Водяничок", "Маленьке Привиденя" Висновки. Список використаних джерел. | ||
| 650 |
_a82 Художня література. Літературознавство _2UDC |
||
| 942 |
_cBK _2udc |
||
| 955 | _a1 | ||
| 999 |
_c285948 _d285948 |
||